000 00574nam a22001817a 4500
003 UA-OsUOA
001 15622
007 ta
008 20031128b un ||||| |||| 00| 0 ukr d
100 _aКульчинський М.
942 _cSA
040 _aUA-OsUOA
_cUA-OsUOA
_dUA-OsUOA
245 _a" Nelly studio" прорив гарантує!
_b[В Рівному відкрито студіо проф. звукозапису "Nelly studio"]
300 _aС.5
955 _a0
773 0 _w0
_tПанорама
_dРівне
_d2003
_g№33
650 7 _aЗвукозапис
_2UDC
999 _c301787
_d301787